000 01031nam a22003377a 4500
001 BR7801357
003 BR-BrBNA
005 20230928085537.0
007 ta
008 230509b bl.||||| |||| 00| 0 por d
040 _aBR-BrBNA
_bpor
_cBiblioteca Nacional de Agricultura
041 _a(Por)
072 _aF00; H00
_b0180
_b/G514
090 _ 0180 BR7801357
110 1 _aInstituto de Pesquisas Agronomicas, Porto Alegre, RS (Brasil)
_96134
111 1 _a1. Reuniao Anual Conjunta de Pesquisa de Trigo
_cPorto Alegre, RS (Brazil)
_d3 Apr 1978
245 1 _aTrigo: resultados de pesquisa [Rio Grande do Sul; Brasil]
260 3 _aPorto Alegre, RS (Brasil):
_c1978.
300 _a217 p.
650 _aProducao vegetal
650 _aDefesa vegetal
650 _aTrigo
650 _aFitotecnia
650 _aVariedade resistente
650 _aCruzamento vegetal
650 _aDoenca de planta
650 _aPraga de planta
650 _aRio Grande do Sul
909 _a202309
_bLucia
_c55
_dLucia Elande
942 _cBK
999 _c25009
_d25009